• 首页
  • 本馆介绍
  • 公告通知
  • 最新文献
  • 馆藏检索
  • 电子资源
  • 读者导购
  • 参考咨询
  • 我的图书馆
  • 登录
  • 详细信息显示
  • 放入我的书架
  • 预约/预借图书
  • 作者相关作品
  • 分类相关作品
  • 丛书相关作品
  • 出版社相关作品

书目信息

  • 表格格式
  • 工作单格式
  • 卡片格式
题名:
城市房屋拆迁许可、裁决、强拆、诉讼疑点诠释及典型案例
    
 
作者: 王达 , 史笔 主编
分册:  
出版信息: 北京   中国建材工业出版社  2004
页数: 11,394页
开本: 20cm
丛书名:
单 册:
中图分类: D922.181.4
科图分类:
主题词: 城市--房屋拆迁--法规--基本知识--中国 , 城市 , 房屋拆迁 , 法规
电子资源:
ISBN: 7-80159-703-6
000 00969nam0 2200265 450
001 1255649281
005 20121003152757.41
010    @a7-80159-703-6@dCNY25.00
100    @a20040802d2004 em y0chiy50 ea
101 0  @achi
102    @aCN@b110000
105    @ay z 000yy
200 1  @a城市房屋拆迁许可、裁决、强拆、诉讼疑点诠释及典型案例@Acheng shi fang wu chai qian xu ke 、 cai jue 、 qiang chai 、 su song yi dian quan shi ji dian xing an li@f王达,史笔主编
210    @a北京@c中国建材工业出版社@d2004
215    @a11,394页@d20cm
330    @a本书试图对当前城市房屋拆迁许可、评估、裁决、强拆、诉讼中重点、疑难问题进行剖析,有针对性地提出有关法律问题的理解及实际操作的方案。
606 0  @a城市@x房屋拆迁@x法规@x基本知识@y中国
606 0  @a城市
606 0  @a房屋拆迁
606 0  @a法规
690    @aD922.181.4@v4
701  0 @a王达@Awang da@c(法官)@4主编
701  0 @a史笔@Ashi bi@4主编
801  0 @aCN@bNLC@c20101222
905    @a10447@dD922.181.4@eJY90
    
    城市房屋拆迁许可、裁决、强拆、诉讼疑点诠释及典型案例/王达,史笔主编.-北京:中国建材工业出版社,2004
    11,394页;20cm
    
    
    ISBN 7-80159-703-6:CNY25.00
    本书试图对当前城市房屋拆迁许可、评估、裁决、强拆、诉讼中重点、疑难问题进行剖析,有针对性地提出有关法律问题的理解及实际操作的方案。
●
相关链接 在E读中查询图书 在五车中查询图书 在当当中查询图书 在豆瓣中查询图书


正题名:城市房屋拆迁许可、裁决、强拆、诉讼疑点诠释及典型案例     索取号:D922.181.4/JY90         预约/预借

序号 登录号 条形码 馆藏地/架位号 状态 备注
1 7813071   278130719   学院路分馆/ [索取号:D922.181.4/JY90] 在馆    
2 7813072   278130728   学院路分馆/ [索取号:D922.181.4/JY90] 在馆    
唐山师范学院图书馆 欢迎您!
大连网信软件有限公司© 版权所有